000 00556nam a2200181Ia 4500
008 100920s9999 xx 000 0 und d
082 _b80890
_a24 न 02
100 _aचिटणीस शुभा.
245 _aयशस्विनी.
260 _bपरचुरे प्रकाशन मन्दिर, मुंबअी.
_c2002
300 _a272
_bसाधी
365 _b150
520 _aसायो.
630 _aयशस्विनी.
650 _aसायो.
730 _aयशस्विनी.
942 _cBOOK
999 _c721747
_d721744